000 00846nam a22002777a 4500
001 000568
003 DO-SdBNP
005 20161019101728.0
007 000568
008 161019b 1994 sp a ||||| |||| 00| 0 spa d
020 _a840131545X
040 _aBPMSU
_bspa
_cBPMSU
041 1 7 _aspa
_heng
082 _2xxxxx
_axxxxx
240 _aInsects and spiders.
_lEspañol
245 1 0 _aInsectos y arañas /
_casesor, Paul Hillyard ; traductor Josep Sala Barbany.
260 _a[s. l. ]
_bPlaza Joven,
_c1994.
300 _a49 p. :
_bil. ;
_c31 cm.
490 1 _aEnciclopedia ilustrada.
500 _aUn libro Dorling Kindersley - Título página reverso.
700 1 _aHillyard, Paul
700 1 _aSala Barbany, Josep
_etr.
830 0 _aEnciclopedia ilustrada.
942 _2ddc
_cBK
956 _2LOPEREZ
_310
_620161019
_8BPMSU
_a00041
999 _c11599
_d11599